000 02011nam a22002417a 4500
003 OSt
005 20260428115909.0
008 260428b |||||||| |||| 00| 0 esp d
020 _a9789974814639
082 _29789974814639
100 _aDr. Carlos J. Ausbruch Moreno
245 _aManual Práctico de Tecnología Radiológica Dental y Maxilofacial
250 _a1ra edición
260 _a Bogotá/Buenos Aires
_b Editorial Reymo
_c2009
300 _a 464 pág
_c24 x 17
490 _3tapa dura
520 _aEl objetivo primordial de esta obra técnica consiste en proporcionar una guía integral y sistematizada sobre los principios fundamentales de la radiología aplicada al área odontológica y maxilofacial. El autor se propone dotar al profesional y al estudiante de herramientas teóricas y prácticas para la correcta manipulación de la aparatología radiológica de última generación. A través de su contenido, el manual busca estandarizar los protocolos de adquisición de imágenes, asegurando que cada toma cumpla con los estándares diagnósticos requeridos en la práctica clínica actual. Asimismo, el texto enfatiza la importancia de la seguridad radiológica, estableciendo normas estrictas de bioseguridad para proteger tanto al operador como al paciente durante el procedimiento. La obra también persigue el desarrollo de habilidades críticas para la interpretación precisa de radiografías intraorales y extraorales en diversas patologías. El enfoque didáctico facilita la transición del conocimiento académico a la aplicación directa en el consultorio, optimizando los recursos técnicos disponibles. En última instancia, el libro pretende elevar la calidad de los diagnósticos por imagen, permitiendo tratamientos odontológicos más precisos y seguros.
650 _xFundamentos de la Radiología:
651 _xAparatología y Equipamiento
654 _xTécnicas Radiográficas Intraorales
700 _aDr. Carlos J. Ausbruch Moreno
942 _2ddc
_cBK
_n0
999 _c2079
_d2079